| 000 | 00408nam a2200157Ia 4500 | ||
|---|---|---|---|
| 008 | 230917s9999||||xx |||||||||||||| ||und|| | ||
| 040 |
_e201917 _aMAIN |
||
| 041 | _aEnglish | ||
| 082 | _a660.6024574 M732M(5) | ||
| 100 | _aWalker, John M, ed. | ||
| 245 | 0 | _aMolecular biology and biotechnology | |
| 250 | _a5th. ed. | ||
| 260 |
_aCambridge _bRSC Publishing _c2009 |
||
| 300 | _axix, 604 p. | ||
| 942 | _cBK | ||
| 999 |
_c151463 _d151463 |
||